Have a Nice Life Songs - Statistics

General Stats
  • This quiz has been taken 12 times
  • The average score is 24 of 43
Answer Stats
Answers % Correct
Deathconsciousness Bloodhail
100%
Deathconsciousness Earthmover
100%
Deathconsciousness A Quick One Before the Eternal Worm Devours Connecticut
88%
Deathconsciousness Hunter
88%
Deathconsciousness The Big Gloom
88%
Deathconsciousness Who Would Leave Their Son Out in the Sun?
88%
Deathconsciousness Deep, Deep
75%
Deathconsciousness Holy F****** S***: 40,000
75%
Deathconsciousness I Don't Love
75%
Deathconsciousness Telephony
75%
Deathconsciousness Waiting for Black Metal Records to Come in the Mail
75%
The Unnatural World Guggenheim Wax Museum
63%
Sea of Worry Sea of Worry
63%
Deathconsciousness The Future
63%
Deathconsciousness There is No Food
63%
The Unnatural World Burial Society
50%
The Unnatural World Dan and Tim, Reunited by Fate
50%
The Unnatural World Defenestration Song
50%
Sea of Worry Destinos
50%
Sea of Worry Dracula Bells
50%
The Unnatural World Emptiness Will Eat the Witch
50%
Sea of Worry Everything We Forget
50%
Voids Human Error
50%
Voids I'm Doctor House
50%
Vs You Knife Throwing Contest
50%
Sea of Worry Lords of Tresserhorn
50%
The Unnatural World Music Will Untune the Sky
50%
Sea of Worry Science Beat
50%
Voids Sisyphus
50%
Time of Land The Icon and the Axe
50%
Time of Land The Parhelic Circle
50%
Sea of Worry Trespassers W
50%
Miscellaneous When I Go Deaf
50%
Time of Land Wizard of the Black Hundreds
50%
Time of Land Woe Unto Us
50%
The Unnatural World Cropsey
38%
Vs You Fat Kid Camp
38%
Vs You I Left And My House Burned Down
38%
Vs You Invading Christian Shores For All Odin’s Glory (Let The Dark Light Of Odin Shine Within You)
38%
Vs You Saving Throw Vs. Paralysis
38%
Miscellaneous All Shall Love Me and Despair
13%
Miscellaneous Car Wreck
13%
Miscellaneous How Could the Same God
13%
No matching quizzes found
Score Distribution
Percent of People with Each Score
Percentile by Number Answered
Your Score History
You have not taken this quiz